[Event "21st Dubai Open 2019"]
[Site "Dubai"]
[Date "2019.04.01"]
[Round "1.13"]
[White "Wang, Shanshan"]
[Black "Aravindh, Chithambaram VR."]
[Result "0-1"]
[WhiteElo "2116"]
[BlackElo "2602"]
[Annotator "TA"]
[PlyCount "76"]
[EventDate "2019.04.01"]
[EventType "swiss"]
[EventCountry "UAE"]
[SourceTitle "playchess.com"]
[Source "ChessBase"]
[SourceQuality "1"]

{[%evp 21,76,-8,0,0,-16,-14,0,-29,-29,-29,-26,-38,-33,-49,-37,-43,-35,-30,0,0,2,1,13,16,32,22,29,26,25,0,0,-74,-51,-76,-56,-112,-89,-243,-235,-329,-237,-523,-508,-697,-690,-543,-836,-822,-805,-725,-464,-1185,-1143,-1622,-1354,-29995,-29996]} 1. e4 c5 2. Nf3 d6 3. d4 cxd4 4. Nxd4 Nf6 5. Nc3 a6 6. Be2 e5 7. Nf3 Be7 8. Bg5 Be6 {B92: Sicilian Najdorf: 6 Be2} 9. Bxf6 Bxf6 10. Nd5 (10. O-O O-O 11. Qd2 Be7 12. Nd5 Nd7 13. Nxe7+ Qxe7 14. Rfd1 Rac8 15. c3 Rc6 16. Ng5 Nf6 17. Nxe6 fxe6 18. Qe3 Qc7 {½-½ (45) Harikrishna,P (2730)-Shankland,S (2731) Prague 2019}) 10... Nd7 11. O-O O-O {LiveBook: 19 Games} 12. a4 Rc8 13. c3 $146 ({Predecessor:} 13. Nd2 Bxd5 14. exd5 Be7 15. a5 f5 16. c4 {½-½ (45) Das,S (2437)-Amonatov,F (2608) Kolkata 2018}) 13... Be7 14. Nd2 (14. Ne3 {with more complications.} g6 15. Bd3 Nf6 16. Ng5 Bd7 17. Nf3) 14... Bxd5 15. exd5 f5 16. Kh1 Bg5 17. Nc4 Qc7 18. a5 Rce8 19. Nd2 Bxd2 20. Qxd2 e4 21. b4 Ne5 {[%cal Bd7e5,Be5g6,Bg6h4,Bh4f5,Bf5e3][%mdl 32]} 22. c4 f4 {Threatens to win with ...f3.} ({Don't go for} 22... Nxc4 $2 23. Qc3 $18) 23. f3 $1 exf3 ({Don't play} 23... Nxc4 $6 24. Qc3 $16) 24. gxf3 Ng6 25. Rg1 Re3 26. Ra2 (26. Rac1 $11) 26... Rfe8 27. Qd1 $1 Nh4 $36 {[%mdl 2048] Black is more active.} 28. Rf1 (28. c5 $15) 28... Qe7 {[%cal Re3e2]} 29. Rf2 $2 {[#]} (29. c5 $17) 29... Nf5 $1 $19 30. Rg2 Qh4 31. Kg1 $2 (31. c5 {is the only way for White.}) 31... R3e5 {aiming for ...Ne3.} 32. Rg4 Qh6 33. Qf1 Ne3 34. Qf2 Nxg4 35. fxg4 {[#]} f3 $1 36. Qxf3 (36. Bxf3 $142 Qc1+ 37. Kg2) 36... Rf8 37. Qd3 Qf4 38. Qg3 Qc1+ {Precision: White = 21%, Black = 51%.} 0-1

[Event "21st Dubai Open 2019"]
[Site "Dubai"]
[Date "2019.04.01"]
[Round "1.13"]
[White "Wang, Shanshan"]
[Black "Aravindh, Chithambaram Vr."]
[Result "0-1"]
[WhiteElo "2116"]
[BlackElo "2602"]
[Annotator "TA"]
[PlyCount "76"]
[EventDate "2019.04.01"]
[EventType "swiss"]
[EventCountry "UAE"]
[SourceTitle "playchess.com"]
[Source "ChessBase"]
[SourceQuality "1"]

{[%evp 14,76,0,0,0,0,0,-2,0,0,0,0,0,0,0,-30,-27,-29,-28,-35,-37,-42,-39,-35,-19,-32,0,0,0,0,0,0,0,0,26,33,35,-5,0,-75,-54,-65,-64,-136,-71,-208,-193,-337,-204,-661,-686,-675,-665,-855,-850,-827,-835,-760,-468,-1195,-1195,-1451,-1324,-29995,-29996]} 1. e4 c5 2. Nf3 d6 3. d4 cxd4 4. Nxd4 Nf6 5. Nc3 a6 6. Be2 e5 7. Nf3 Be7 8. Bg5 Be6 {B92: Sicilian Najdorf: 6 Be2} (8... Nbd7 9. a4 h6 10. Be3 Ng4 11. Bc1 Ngf6 12. O-O Nc5 13. Nd2 O-O 14. b4 Ne6 15. Nc4 Nd4 16. Be3 Nxe2+ 17. Qxe2 {½-½ (40) Giri,A (2783)-Nepomniachtchi,I (2763) St Petersburg 2018}) 9. Bxf6 Bxf6 10. Nd5 Nd7 {The position is equal.} 11. O-O O-O 12. a4 Rc8 13. c3 $146 ({Predecessor:} 13. Nd2 Bxd5 14. exd5 Be7 15. a5 f5 16. c4 {½-½ (45) Das,S (2437)-Amonatov,F (2608) Kolkata 2018}) 13... Be7 14. Nd2 (14. Ne3 {is more complex.} g6 15. Bd3 Nf6 16. Ng5 Bd7 17. Nf3) 14... Bxd5 15. exd5 f5 16. Kh1 Bg5 17. Nc4 Qc7 18. a5 Rce8 19. Nd2 Bxd2 20. Qxd2 e4 21. b4 Ne5 {[%cal Bd7e5,Be5g6,Bg6h4,Bh4f5,Bf5e3][%mdl 32]} 22. c4 f4 ({Not} 22... Nxc4 $2 23. Qc3 $18) 23. f3 exf3 ({Of course not} 23... Nxc4 $6 24. Qc3 $16) 24. gxf3 Ng6 25. Rg1 Re3 26. Ra2 (26. Rac1 $11 {keeps the balance.}) 26... Rfe8 27. Qd1 $1 Nh4 $36 {[%mdl 2048] White is under pressure.} 28. Rf1 (28. c5 $15) 28... Qe7 ({Black should play} 28... Qc8 29. c5 Qh3) 29. Rf2 {[#]} (29. c5 $17 {was the only chance.}) 29... Nf5 $1 $19 {aiming for ...Re5.} 30. Rg2 (30. c5 $142) 30... Qh4 {Threatens to win with ...R3e5.} 31. Kg1 $2 (31. c5) 31... R3e5 32. Rg4 Qh6 33. Qf1 Ne3 {[%mdl 64] Double Attack} 34. Qf2 Nxg4 35. fxg4 {[#]} f3 $1 36. Qxf3 (36. Bxf3 $142 Qc1+ 37. Kg2) 36... Rf8 37. Qd3 Qf4 {( -> ...Re3)} 38. Qg3 Qc1+ {Accuracy: White = 23%, Black = 57%.} 0-1

[Event "21st Dubai Open 2019"]
[Site "Dubai"]
[Date "2019.04.01"]
[Round "1.14"]
[White "Can, Emre"]
[Black "Thrish Karthik"]
[Result "1-0"]
[WhiteElo "2599"]
[BlackElo "2096"]
[Annotator "TA"]
[PlyCount "79"]
[EventDate "2019.04.01"]
[EventType "swiss"]
[EventCountry "UAE"]
[SourceTitle "playchess.com"]
[Source "ChessBase"]
[SourceQuality "1"]

{[%evp 10,79,16,17,25,19,11,21,46,35,45,48,40,32,47,50,53,70,99,42,36,44,73,73,95,71,73,72,124,120,120,123,127,128,223,219,212,241,222,124,110,135,138,139,147,10,147,142,153,154,142,150,143,154,142,146,163,167,151,163,156,131,154,152,141,146,260,255,320,310,585,580]} 1. d4 d5 2. c4 dxc4 3. Nf3 a6 4. e3 b5 5. a4 Bb7 6. b3 e6 {D22: Queen's Gambit Accepted: 3 Nf3 a6 4 e3} 7. bxc4 bxc4 8. Bxc4 Nf6 {The position is equal.} (8... c5 9. O-O Nf6 10. Nbd2 Nbd7 11. Rb1 Qc7 12. Bb2 cxd4 13. Bxd4 Bc5 14. Qe2 {½-½ (14) Cheparinov,I (2695)-Ivanchuk,V (2727) Mali Losinj 2017}) 9. Nbd2 Nbd7 10. Qb3 Ra7 11. O-O Be7 12. Ba3 Bxa3 $146 ({Predecessor:} 12... c5 13. Rfc1 O-O 14. Rab1 cxd4 15. Nxd4 Ne4 16. N2f3 Nec5 17. Qd1 {½-½ (17) Antonsen,M (2440)-Westerberg,J (2488) Gothenburg 2017}) 13. Qxa3 Qe7 14. Nb3 (14. Rfc1 $16) 14... Qxa3 $14 15. Rxa3 O-O 16. Rc1 Bd5 17. Bd3 Rb8 18. Na5 Rb4 (18... g6 $142) 19. Ne1 $16 e5 20. f3 exd4 21. e4 Be6 (21... Ba8 $16) 22. Nc6 $18 {[%mdl 64] Double Attack} Rbb7 23. Nxa7 Rxa7 24. Raa1 (24. Bc4 $18) 24... c5 $16 25. Rab1 {Threatens to win with Rxc5!} g5 26. Bc4 $1 Ne8 27. e5 ({Better is} 27. Nd3 $16) 27... Rc7 (27... Bxc4 $11 {remains equal.} 28. Rxc4 Nc7) 28. Bxa6 c4 29. Nc2 d3 30. Ne3 {[%cal Ra6c4]} Nxe5 31. Rb8 Kf8 32. Bb5 $36 {[%mdl 2048] White is on the roll.} Nd7 {[#]} 33. Bxd7 $1 Rxd7 {[#]} 34. Nd1 $1 Ke7 35. Kf2 Nd6 36. a5 {[%cal Ba4a5,Ba5a6][%mdl 32]} Ra7 37. Ra1 Bc8 (37... Ra6 $16 {is a better defense.} 38. Rb6 Rxb6 39. axb6 Kd7) 38. Nc3 $18 Bb7 {[#]} 39. a6 $1 {[%mdl 512]} Bc8 $2 (39... Bc6 40. Ke1 Kd7) (39... Rxa6 40. Rxb7+) 40. Rb6 {Accuracy: White = 72%, Black = 44%.} 1-0

[Event "21st Dubai Open 2019"]
[Site "Dubai"]
[Date "2019.04.01"]
[Round "1.14"]
[White "Can, Emre"]
[Black "Thrish, Karthik"]
[Result "1-0"]
[WhiteElo "2599"]
[BlackElo "2096"]
[Annotator "TA"]
[PlyCount "79"]
[EventDate "2019.04.01"]
[EventType "swiss"]
[EventCountry "UAE"]
[SourceTitle "playchess.com"]
[Source "ChessBase"]
[SourceQuality "1"]

{[%evp 10,79,29,23,35,37,23,29,52,42,37,49,37,33,37,48,61,68,69,52,57,52,79,72,98,79,76,66,113,116,128,116,129,137,237,231,236,231,200,130,130,124,150,151,154,0,160,154,160,153,138,125,140,154,140,125,152,157,166,166,158,93,157,143,141,132,241,253,271,260,611,607]} 1. d4 d5 2. c4 dxc4 3. Nf3 a6 4. e3 b5 5. a4 Bb7 6. b3 e6 {D22: Queen's Gambit Accepted: 3 Nf3 a6 4 e3} 7. bxc4 bxc4 8. Bxc4 Nf6 {White has an edge.} (8... c5 9. O-O Nf6 10. Nbd2 Nbd7 11. Rb1 Qc7 12. Bb2 cxd4 13. Bxd4 Bc5 14. Qe2 {½-½ (14) Cheparinov,I (2695)-Ivanchuk,V (2727) Mali Losinj 2017}) 9. Nbd2 {[%cal Bb1d2,Bd2b3,Bb3a5,Ba5c6][%mdl 32]} Nbd7 10. Qb3 Ra7 11. O-O Be7 12. Ba3 Bxa3 $146 ({Predecessor:} 12... c5 13. Rfc1 O-O 14. Rab1 cxd4 15. Nxd4 Ne4 16. N2f3 Nec5 17. Qd1 {½-½ (17) Antonsen,M (2440)-Westerberg,J (2488) Gothenburg 2017}) 13. Qxa3 Qe7 14. Nb3 Qxa3 15. Rxa3 O-O 16. Rc1 Bd5 17. Bd3 Rb8 18. Na5 Rb4 19. Ne1 e5 20. f3 exd4 21. e4 Be6 (21... Ba8 $16) 22. Nc6 $18 {[%mdl 64] Double Attack} Rbb7 23. Nxa7 Rxa7 24. Raa1 c5 25. Rab1 {Hoping for Rxc5!} g5 26. Bc4 $1 Ne8 27. e5 $2 (27. Nd3 $16) 27... Rc7 $2 (27... Bxc4 $11 28. Rxc4 Nc7) 28. Bxa6 $16 c4 29. Nc2 d3 30. Ne3 {[%cal Ra6c4]} Nxe5 31. Rb8 Kf8 32. Bb5 $36 {[%mdl 2048] White has strong initiative.} Nd7 {[#]} 33. Bxd7 $1 Rxd7 {[#]} 34. Nd1 $1 Ke7 35. Kf2 ({White should try} 35. a5) 35... Nd6 (35... Ra7 $142) 36. a5 {[%cal Ba4a5,Ba5a6][%mdl 32]} Ra7 37. Ra1 Bc8 (37... Ra6 $16 {might work better.}) 38. Nc3 $18 Bb7 {[#]} 39. a6 $1 {[%mdl 512]} Bc8 $2 (39... Bc6 40. Ra5 Kd7) (39... Rxa6 40. Rxb7+) 40. Rb6 {Accuracy: White = 78%, Black = 39%.} 1-0

[Event "21st Dubai Open 2019"]
[Site "Dubai"]
[Date "2019.04.01"]
[Round "1.15"]
[White "Shiva, Pavan Teja Sharma U"]
[Black "Indjic, Aleksandar"]
[Result "0-1"]
[WhiteElo "2093"]
[BlackElo "2592"]
[Annotator "TA"]
[PlyCount "82"]
[EventDate "2019.04.01"]
[EventType "swiss"]
[EventCountry "UAE"]
[SourceTitle "playchess.com"]
[Source "ChessBase"]
[SourceQuality "1"]

{[%evp 11,82,19,18,-20,37,17,50,28,31,47,36,44,78,0,35,32,33,-4,0,-20,7,-39,-38,-84,-80,-76,-77,-77,-64,-78,-65,-86,-66,-59,-58,-116,-114,-96,-93,-120,0,-90,-95,-85,-87,-97,-68,-69,-78,-148,-117,-167,-152,-256,-242,-254,-229,-352,-335,-472,-481,-450,-446,-1066,-1043,-3558,-3418,-29990,-29991,-29991,-29992,-29995,-29996]} 1. e4 c5 2. Nf3 Nc6 3. Bb5 e6 4. O-O Nge7 5. Re1 a6 6. Bxc6 Nxc6 7. d3 {B30: Sicilian: 2...Nc6 3 Bb5, lines without ...g6} (7. d4 cxd4 8. Nxd4 Qc7 9. Nc3 Bd6 10. h3 Bh2+ 11. Kh1 Nxd4 12. Qxd4 Be5 13. Qd3 b5 14. a4 b4 15. Ne2 Bb7 16. f4 Bf6 17. Be3 Rc8 {0-1 (36) Fedorchuk,S (2657)-Shirov,A (2696) Rabat 2015}) 7... d5 $146 (7... Be7 $11) ({Predecessor:} 7... Be7 8. c3 O-O 9. d4 d5 10. exd5 exd5 11. dxc5 Bxc5 12. Be3 Be7 13. Nbd2 Bf5 14. Nd4 Nxd4 15. Bxd4 {0-1 (24) Khafizov,A-Goncharov,O Kiev 2004}) 8. Bg5 f6 9. exd5 {White is slightly better.} Qxd5 10. Nc3 Qd8 11. Be3 e5 12. Nd2 (12. Na4 $16) 12... Be7 13. Qh5+ g6 14. Qd1 O-O 15. a4 Rb8 16. Qf3 Be6 17. Nc4 Nd4 18. Qd1 b5 19. axb5 axb5 20. Nd2 Nf5 21. Ra6 Bc8 22. Ra7 Bb7 23. Qe2 (23. Nxb5 $15 Bxg2 24. Kxg2 Rxb5 25. Qa1) 23... Qb6 $17 24. Raa1 Nd4 $36 {[%mdl 2048] White is under strong pressure.} 25. Qd1 Nf5 26. Qe2 $1 Rfe8 (26... Rfd8 {is more complex.} 27. f3 Qc6 28. Bf2 Nd4 29. Qd1 Qd7) 27. f3 Nd4 28. Qd1 f5 29. Bf2 Bg5 30. Nf1 (30. Nb3 $142) 30... Rbd8 31. Ne3 Qc6 32. Nf1 (32. Ra7 $17) 32... b4 $19 33. Bxd4 cxd4 ({But not} 33... exd4 34. Rxe8+ Rxe8 35. Na4 $17) 34. Na4 (34. Nb1 {is a better defense.}) 34... Rc8 35. Re2 (35. Ng3 $142) 35... e4 36. fxe4 fxe4 37. Ng3 {[#]} (37. b3 $142 e3 38. Ng3) 37... b3 $1 {[%mdl 576] Deflection} 38. cxb3 exd3 {[%mdl 64] Discovered Attack} 39. Qxd3 Rxe2 {Black mates.} 40. Qxe2 {[#]} d3 $1 {[%mdl 512]} 41. Qf3 {[#]} (41. Qxd3 Qxg2#) 41... Be3+ $1 {[%mdl 512] Accuracy: White = 35%, Black = 62%.} 0-1

[Event "21st Dubai Open 2019"]
[Site "Dubai"]
[Date "2019.04.01"]
[Round "1.15"]
[White "Shiva Pavan Teja Sharma U"]
[Black "Indjic, Aleksandar"]
[Result "0-1"]
[WhiteElo "2093"]
[BlackElo "2592"]
[Annotator "TA"]
[PlyCount "82"]
[EventDate "2019.04.01"]
[EventType "swiss"]
[EventCountry "UAE"]
[SourceTitle "playchess.com"]
[Source "ChessBase"]
[SourceQuality "1"]

{[%evp 11,82,6,5,-29,29,10,31,35,41,42,58,22,56,0,41,36,42,-16,-20,-13,17,-48,-62,-90,-82,-82,-71,-80,-83,-75,-49,-83,-43,-61,-59,-135,-104,-114,-112,-107,0,-103,-93,-103,-89,-98,-72,-80,-70,-128,-100,-160,-160,-259,-247,-257,-207,-324,-347,-483,-435,-516,-521,-945,-933,-3851,-3691,-29990,-29991,-29991,-29992,-29995,-29996]} 1. e4 c5 2. Nf3 Nc6 3. Bb5 e6 4. O-O Nge7 5. Re1 a6 6. Bxc6 Nxc6 7. d3 {B30: Sicilian: 2...Nc6 3 Bb5, lines without ...g6} (7. d4 cxd4 8. Nxd4 Qc7 9. Nc3 Bd6 10. h3 Bh2+ 11. Kh1 Nxd4 12. Qxd4 Be5 13. Qd3 b5 14. a4 b4 15. Ne2 Bb7 16. f4 Bf6 17. Be3 Rc8 {0-1 (36) Fedorchuk,S (2657)-Shirov,A (2696) Rabat 2015}) 7... d5 $146 (7... Be7 $142) ({Predecessor:} 7... Be7 8. c3 O-O 9. d4 d5 10. exd5 exd5 11. dxc5 Bxc5 12. Be3 Be7 13. Nbd2 Bf5 14. Nd4 Nxd4 15. Bxd4 {0-1 (24) Khafizov,A-Goncharov,O Kiev 2004}) 8. Bg5 f6 9. exd5 {White is slightly better.} Qxd5 10. Nc3 Qd8 11. Be3 $1 e5 12. Nd2 (12. Na4 $14) 12... Be7 13. Qh5+ g6 14. Qd1 ({Better is} 14. Qh6 $1 $14) 14... O-O $11 15. a4 Rb8 16. Qf3 ({White should try} 16. f4 $11) 16... Be6 $15 17. Nc4 Nd4 $36 {[%mdl 2048] Black is really pushing.} 18. Qd1 b5 19. axb5 axb5 20. Nd2 Nf5 21. Ra6 Bc8 22. Ra7 Bb7 23. Qe2 (23. Nxb5 $15 Bxg2 24. Kxg2 Rxb5 25. Qa1) 23... Qb6 24. Raa1 Nd4 25. Qd1 Nf5 26. Qe2 $1 Rfe8 (26... Rfd8 {keeps more tension.} 27. f3 Qc6 28. Bf2 Nd4 29. Qd1 Rbc8) 27. f3 Nd4 28. Qd1 f5 29. Bf2 Bg5 30. Nf1 (30. Nb3 $15) 30... Rbd8 31. Ne3 (31. Nd2 $142) 31... Qc6 $17 32. Nf1 (32. Ra7 $17) 32... b4 $19 33. Bxd4 cxd4 ({Much less strong is} 33... exd4 34. Ne2 $17) 34. Na4 (34. Nb1 {might work better.}) 34... Rc8 35. Re2 e4 36. fxe4 fxe4 37. Ng3 {[#]} b3 $1 {[%mdl 576] Deflection} 38. cxb3 exd3 {[%mdl 64] Discovered Attack} 39. Qxd3 Rxe2 {Black mates.} 40. Qxe2 {[#]} d3 $1 {[%mdl 512]} 41. Qf3 {[#]} (41. Qxd3 Qxg2#) 41... Be3+ $1 {[%mdl 512] Accuracy: White = 33%, Black = 50%.} 0-1

[Event "21st Dubai Open 2019"]
[Site "Dubai"]
[Date "2019.04.01"]
[Round "1.16"]
[White "Abdusattorov, Nodirbek"]
[Black "Mihoubi, Saad"]
[Result "1-0"]
[WhiteElo "2578"]
[BlackElo "2088"]
[Annotator "TA"]
[PlyCount "47"]
[EventDate "2019.04.01"]
[EventType "swiss"]
[EventCountry "UAE"]
[SourceTitle "playchess.com"]
[Source "ChessBase"]
[SourceQuality "1"]

{[%evp 23,47,19,21,8,37,22,68,54,72,36,87,66,472,381,481,459,471,471,563,563,525,505,876,875,720,216]} 1. e4 c5 2. Nf3 d6 3. d4 Nf6 4. Nc3 cxd4 5. Nxd4 Nc6 6. Bc4 e6 7. Be3 Be7 8. O-O O-O 9. f4 a6 10. Bb3 Qc7 11. f5 Nxd4 12. Bxd4 b5 13. fxe6 {B88: Sicilian: Sozin Attack} (13. Qd3 b4 14. fxe6 bxc3 15. exf7+ Kh8 16. Bxc3 Bg4 17. Rf4 Bh5 18. Raf1 Bxf7 19. Rxf6 Bxf6 20. Rxf6 Bxb3 21. Rxf8+ Rxf8 22. axb3 {0-1 (59) Belozerov,A (2554)-Novikov,I (2589) Sochi 2005}) 13... Bxe6 14. Kh1 Rfe8 $146 ({Predecessor:} 14... b4 15. Nd5 Bxd5 16. exd5 Nd7 17. Qe1 Bf6 18. Bxf6 Nxf6 19. Qxb4 a5 20. Qd4 Rfe8 {1-0 (40) Havlik,J (2185)-Ruzicka,A (1834) Tabor 2005}) 15. Qf3 {White is slightly better.} Rf8 16. Rae1 Bc4 (16... Rae8 $14) 17. Qg3 Nh5 $2 {[%mdl 8192] [#]} ({Better is} 17... Bxf1 $14 18. Rxf1 Ne8) 18. Qg4 $18 g6 19. Nd5 {White is clearly winning.} Bxd5 20. Bxd5 Rad8 21. Rf2 Qd7 22. Qf3 {[%cal Rd5f7]} Ng7 (22... Bg5 $142 23. Ref1 Nf4) 23. Bxf7+ Kh8 24. Qc3 $2 {Accuracy: White = 54%, Black = 18%.} (24. Ref1 Bg5 25. Qg3) 1-0

[Event "21st Dubai Open 2019"]
[Site "Dubai"]
[Date "2019.04.01"]
[Round "1.17"]
[White "Kejzar, Petra"]
[Black "Pichot, Alan"]
[Result "0-1"]
[WhiteElo "2082"]
[BlackElo "2566"]
[Annotator "TA"]
[PlyCount "82"]
[EventDate "2019.04.01"]
[EventType "swiss"]
[EventCountry "UAE"]
[SourceTitle "playchess.com"]
[Source "ChessBase"]
[SourceQuality "1"]

{[%evp 9,82,-10,11,-12,-2,-83,-78,-78,-78,-82,-77,-78,-70,-95,-80,-79,-81,-92,-58,-60,-58,-58,-58,-58,-50,-59,-68,-64,-58,-100,-96,-86,-58,-227,-228,-318,-167,-188,-129,-244,-237,-249,-236,-217,-225,-235,-247,-225,-235,-222,-182,-292,-274,-271,-236,-369,-367,-502,-467,-627,-579,-587,-584,-551,-572,-575,-522,-389,-378,-638,-633,-622,-617,-1744,-999]} 1. c4 c5 2. Nc3 Nc6 3. d3 g6 4. e4 Bg7 5. Nge2 (5. g3 d6 6. Bg2 e6 7. Nge2 Nge7 8. O-O O-O 9. Rb1 Nd4 10. Nxd4 cxd4 11. Ne2 a5 12. b3 Nc6 13. a3 Bd7 14. Bf4 Qe7 15. Qd2 Rab8 16. Bh6 Bxh6 17. Qxh6 b5 18. Qd2 e5 19. f4 f6 20. f5 g5 21. g4 {0-1 (42) Lee,M (2435)-Zapata,A (2424) Charlotte 2017}) 5... e6 6. Be3 {B20: Sicilian: Unusual White 2nd moves} Nd4 7. Bxd4 (7. Bf4 $11) 7... cxd4 $17 8. Nb5 {Black is better.} Qb6 9. Qd2 $146 ({Predecessor:} 9. a4 a6 10. a5 Qc5 11. Na3 Qxa5+ {0-1 (66) Song,A (1962)-Tredinnick,M (2172) Sydney 2006}) 9... a6 10. Na3 Ne7 11. Rc1 d6 12. g3 h5 13. f4 h4 14. Bg2 hxg3 15. hxg3 Rxh1+ 16. Bxh1 e5 17. b4 Nc6 18. Nc2 Bg4 19. a4 a5 {[%cal Ra5b4]} 20. b5 Nd8 $36 {[%mdl 2048] Black fights for an advantage.} 21. fxe5 $2 {[#]} (21. c5 $15 dxc5 22. Na3) 21... dxe5 $19 22. c5 Qxc5 (22... Qf6 $142 {aiming for ...Ne6.} 23. Na1 Bf8) 23. Ncxd4 Qb4 (23... Qf8 $19 24. Nc2 Ne6) 24. Qxb4 (24. Nc2 $17 {was necessary.} Bh6 25. Qxb4 axb4 26. Rb1) 24... axb4 25. Bf3 Bxf3 ({Much less strong is} 25... exd4 26. Bxg4 Rxa4 27. Nf4 $17) 26. Nxf3 Rxa4 27. Rb1 Ne6 28. Nc1 f6 29. Nb3 Bh6 30. Nfd2 (30. Rb2 {was worth a try.}) 30... Bxd2+ 31. Nxd2 {[%mdl 4096] Endgame KRN-KRN} Ra3 32. Nc4 (32. Rxb4 $142 Rxd3 33. Rb3) 32... Rxd3 33. Ke2 Rd4 34. Rxb4 Ke7 35. Nb6 Rxb4 36. Nd5+ Kd6 37. Nxb4 Nd4+ 38. Kd3 Nxb5 39. Nd5 $2 {[#]} (39. g4) 39... f5 {Black is clearly winning.} 40. Ne3 Ke6 41. Nd5 Nd6 {Precision: White = 32%, Black = 68%.} 0-1

[Event "21st Dubai Open 2019"]
[Site "Dubai"]
[Date "2019.04.01"]
[Round "1.18"]
[White "Santos Ruiz, Miguel"]
[Black "Mrudul, Dehankar"]
[Result "1-0"]
[WhiteElo "2555"]
[BlackElo "2078"]
[Annotator "TA"]
[PlyCount "111"]
[EventDate "2019.04.01"]
[EventType "swiss"]
[EventCountry "UAE"]
[SourceTitle "playchess.com"]
[Source "ChessBase"]
[SourceQuality "1"]

{[%evp 21,111,46,46,43,39,27,42,25,57,50,47,0,-3,-4,13,2,33,28,51,20,24,21,135,138,143,140,164,132,133,124,144,117,122,110,115,93,112,112,299,301,286,270,298,262,312,308,298,276,262,275,231,194,284,277,416,191,197,190,488,173,203,203,275,236,336,334,487,453,582,591,1096,1030,1089,1080,1062,1050,1056,915,1179,1191,1294,1052,1082,1029,5281,3191,2887,2847,29972,29973,29989,29990]} 1. d4 Nf6 2. c4 e6 3. Nf3 Bb4+ 4. Nbd2 b6 5. a3 Bxd2+ 6. Qxd2 Bb7 7. e3 O-O 8. Be2 d6 9. O-O Ne4 10. Qc2 f5 11. Ne1 Nd7 12. f3 {E14: Queen's Indian: Classical Variation (4 e3)} Nef6 13. b4 Qe7 14. Bb2 {White is slightly better.} a5 15. Nd3 {[#]} e5 $146 ({Predecessor:} 15... axb4 16. axb4 e5 17. d5 {1-0 (57) Akobian,V (2606)-Socko,B (2631) Beijing 2008}) 16. Nf2 e4 {White should prevent ...exf3.} 17. f4 c6 18. Bc3 axb4 19. axb4 Kh8 20. Qb3 Qf7 21. b5 c5 (21... d5 $11 {keeps the balance.}) 22. d5 $16 Rfd8 23. Kh1 h6 24. Rg1 Rxa1 25. Bxa1 Ra8 26. Bc3 Bc8 27. Qb2 Nf8 28. g4 N8h7 29. h3 {Black must now prevent g5.} Qa7 $2 {[#]} (29... Ne8 $16 {keeps fighting.} 30. Ra1 Rxa1+ 31. Qxa1 Nhf6) 30. g5 $1 $18 {[%cal Rg5f6]} hxg5 31. fxg5 Ne8 32. Bh5 Bd7 33. h4 Qa2 34. Nh3 Qxb2 35. Bxb2 Ra2 36. Rb1 {aiming for Bf7.} Nc7 (36... Kg8 $142 37. Bd1 Nf8) 37. Nf4 {Bf7 is the strong threat.} Nf8 (37... Kg8 $142 38. Bd1 Be8) 38. Ng6+ (38. Bf7 $142) 38... Nxg6 39. Bxg6 Ra4 $2 (39... Kg8 40. Kg2 Bxb5) 40. Rc1 $2 (40. h5) 40... Rb4 41. Rc2 Rb3 42. Bc3 Rb1+ (42... Kg8 {might work better.} 43. Kg2 Ra3) 43. Kg2 Kg8 (43... Rb3 $142 44. Kg3 Kg8) 44. Ra2 Rc1 45. Ra7 Be8 46. Rxc7 {White wants to mate with Rc8.} Bxg6 47. Rxg7+ {[%mdl 64] Double Attack} Kf8 48. Rxg6 Rxc3 49. Rxd6 Rxe3 {[%mdl 4096] Endgame KR-KR} 50. Rf6+ Kg7 51. Rxf5 Rc3 52. h5 Rxc4 53. h6+ Kg6 54. Rf6+ {[%mdl 64] Double Attack} Kxg5 {[#]} 55. h7 $1 {[%mdl 512]} Rc2+ 56. Rf2 {Accuracy: White = 62%, Black = 31%.} 1-0